| 000 | 00353nam a22001337a 4500 | ||
|---|---|---|---|
| 008 | 250411b |||||||| |||| 00| 0 eng d | ||
| 020 | _a9789784819008 | ||
| 050 |
_aJF1301 _b.M33 |
||
| 100 | _aMBAH Mazi C.C. | ||
| 245 | _aFoundation of Political Science | ||
| 260 |
_aNigeria _bRex Charles & Patrick Limited _c2007 |
||
| 300 | _axviii, 532p. | ||
| 942 | _cBK | ||
| 999 |
_c2939 _d2939 |
||